[Event "Challenge"]
[Site "http://www.queenalice.com/game.php?id=242211"]
[Date "2007.7.19"]
[Round "-"]
[White "stoyan1"]
[Black "paulmaster"]
[Result "0-1"]
[WhiteElo "1871"]
[BlackElo "1933"]

1. e4 c5 2. Nf3 Nc6 3. Bc4 e6 4. d4 cxd4 5. Nxd4 a6 6. O-O Bc5 7. Nxc6 bxc6 8.
Be3 Qb6 9. Bxc5 Qxc5 10. Qd3 Ne7 11. a3 O-O 12. b4 Qe5 13. Nd2 d5 14. exd5 cxd5
15. Bb3 Ng6 16. Rae1 Qh5 17. Re3 Nf4 18. Qc3 Ne2+ 19. Rxe2 Qxe2 20. Nf3 Qb5 21.
a4 Qb7 22. Qd3 Qxb4 23. Nd4 Bb7 24. c3 Qd6 25. Bc2 g6 26. h4 e5 27. Ne2 Qf6 28.
g3 Rfd8 29. f4 Qb6+ 30. Kh2 e4 31. Qd4 Qxd4 32. Nxd4 Rac8 33. Ne2 a5 34. Rc1 Ba6
35. Bd1 Rb8 36. Nd4 Rb2+ 37. Kh3 h5 38. Bb3 Bc8+ 39. g4 Bxg4+ 40. Kg3 Rd6 41.
Bd1 Bxd1 42. Rxd1 Ra2 43. Nb5 Rd7 44. c4 d4 45. c5 Rc2 46. Nd6 Rxc5 47. Nxe4 Rc6
48. Kf3 f5 49. Nd2 Rc3+ 50. Ke2 Re7+ 51. Kf2 Rc2 52. Kf1 Re3 53. Kf2 Ra2 0-1

[Event "Challenge"]
[Site "http://www.queenalice.com/game.php?id=301330"]
[Date "2007.11.9"]
[Round "-"]
[White "stoyan1"]
[Black "paulmaster"]
[Result "0-1"]
[WhiteElo "1850"]
[BlackElo "1943"]

1. e4 e6 2. g3 b6 3. Nc3 Bb7 4. Bg2 Nf6 5. d3 Bb4 6. Bd2 O-O 7. a3 Be7 8. h3 c5
9. Rh2 a6 10. e5 Nd5 11. Nxd5 Bxd5 12. Bxd5 exd5 13. Qf3 Nc6 14. Qxd5 b5 15. c4
bxc4 16. dxc4 Re8 17. Nf3 Bf6 18. Bc3 Nxe5 19. Nxe5 d6 20. Qxf7+ Kh8 21. f4 dxe5
22. Re2 Qd3 23. Bxe5 Qxg3+ 24. Kd2 Rad8+ 25. Qd5 Rxd5+ 26. cxd5 c4 27. Rd1 Qd3+
0-1

[Event "Challenge"]
[Site "http://www.queenalice.com/game.php?id=301332"]
[Date "2007.11.9"]
[Round "-"]
[White "paulmaster"]
[Black "stoyan1"]
[Result "1/2-1/2"]
[WhiteElo "1947"]
[BlackElo "1842"]

1. d4 e6 2. c4 c5 3. d5 d6 4. e4 Qh4 5. Nc3 e5 6. Nf3 Qd8 7. h3 h6 8. Be2 a6 9.
O-O g5 10. Nh2 f5 11. Bh5+ Kd7 12. exf5 Nf6 13. Ng4 Nxh5 14. Nxe5+ dxe5 15. Qxh5
Qf6 16. Qf3 Bd6 17. Be3 Kc7 18. g4 Bd7 19. a4 a5 20. Nb5+ Bxb5 21. axb5 b6 22.
Rfc1 Nd7 1/2-1/2

[Event "Challenge"]
[Site "http://www.queenalice.com/game.php?id=322361"]
[Date "2007.12.18"]
[Round "-"]
[White "paulmaster"]
[Black "stoyan1"]
[Result "1-0"]
[WhiteElo "1973"]
[BlackElo "1847"]

1. f4 e6 2. Nf3 b6 3. e3 Bb7 4. Be2 Nf6 5. Nc3 g6 6. O-O h6 7. b3 d6 8. Bb2 a6
9. Nd4 c5 10. Nf3 Rg8 11. Rb1 Bg7 12. a3 Nd5 13. Na4 b5 14. Bxg7 Rxg7 15. Nb2
Qb6 16. c4 Nc7 17. Qc1 Nd7 18. Qc3 f6 19. b4 O-O-O 20. a4 cxb4 21. Qxb4 a5 22.
Qb3 b4 23. d4 g5 24. fxg5 hxg5 25. Rbc1 e5 26. c5 dxc5 27. Nc4 Qa7 28. dxe5 g4
29. exf6 Nxf6 30. Nh4 g3 31. h3 Ne4 32. Nf5 Rgg8 33. Ne7+ Kb8 34. Nxg8 Rxg8 35.
Nb6 Re8 36. Nd7+ Ka8 37. Rf8 Rxf8 38. Nxf8 Qb8 39. Ne6 Nxe6 40. Qxe6 Qc8 41. Qb6
Nc3 42. Bg4 Qf8 43. Rf1 Qe7 44. Be6 Bd5 45. Rf7 Qxf7 46. Bxf7 1-0

[Event "Challenge"]
[Site "http://www.queenalice.com/game.php?id=322362"]
[Date "2007.12.18"]
[Round "-"]
[White "stoyan1"]
[Black "paulmaster"]
[Result "0-1"]
[WhiteElo "1889"]
[BlackElo "1960"]

1. e4 c5 2. c4 Nc6 3. Nf3 g6 4. Nc3 Bg7 5. h3 e6 6. a3 a6 7. Na4 b6 8. Bd3 Nge7
9. Rb1 O-O 10. b4 cxb4 11. axb4 Ne5 12. Be2 N7c6 13. Nc3 Nxf3+ 14. Bxf3 Ne5 15.
Qe2 Qc7 16. Rb3 Nxc4 17. e5 Rb8 18. d4 b5 19. O-O Bb7 20. Bxb7 Qxb7 21. Ne4 f6
22. f4 f5 23. Nd2 Qd5 24. Qf2 Nxd2 25. Rb2 Nxf1 26. Kxf1 Qc4+ 27. Kg1 Qxc1+ 28.
Kh2 Rbc8 0-1

[Event "Challenge"]
[Site "http://www.queenalice.com/game.php?id=361916"]
[Date "2008.2.27"]
[Round "-"]
[White "paulmaster"]
[Black "stoyan1"]
[Result "1-0"]
[WhiteElo "2001"]
[BlackElo "1866"]

1. c4 e5 2. Nc3 Nf6 3. d3 Nc6 4. a3 Bc5 5. e3 d5 6. cxd5 Nxd5 7. Qc2 Nxc3 8.
bxc3 O-O 9. d4 exd4 10. cxd4 Bb6 11. Bd3 g6 12. Ne2 Ne7 13. Ng3 Be6 14. O-O c6
15. Bb2 Nd5 16. h3 Qd7 17. Bc3 f5 18. Bb4 Nxb4 19. axb4 f4 20. Ne4 f3 21. Bc4
fxg2 22. Kxg2 Kg7 23. Bxe6 Qxe6 24. f3 a5 25. Qc3 axb4 26. Qxb4 Ra2+ 27. Rxa2
Qxa2+ 28. Rf2 Qa5 29. Rb2 Qh5 30. Rf2 Qa5 31. Qe7+ Rf7 32. Qe6 Bc7 33. f4 Qd5
34. Qxd5 cxd5 35. Nc3 Rd7 36. Ra2 h5 37. h4 Bd8 38. Kh3 b6 39. Rb2 Kf6 40. Rg2
Be7 41. Rg5 Kg7 42. Rxd5 Rxd5 43. Nxd5 Bd8 44. Nc3 Kf6 45. Kg3 Ke6 46. e4 Kd7
47. d5 Kd6 48. e5+ Kc5 49. d6 b5 50. Ne4+ Kd5 51. Nc3+ Kc4 52. Nb1 Kd5 53. Nc3+
Kc6 54. Ne2 Kd7 55. Nd4 b4 56. Nb3 Bb6 57. Kf3 Ke6 58. Ke4 Bf2 59. Nd4+ Kd7 60.
Kd5 Bxh4 61. e6+ Kc8 62. Kc6 Kd8 63. f5 gxf5 64. Nxf5 b3 65. e7+ Bxe7 66. dxe7+
Ke8 67. Kd6 Kf7 68. Kd7 Kf6 69. Nh4 Kg5 70. Nf3+ Kg4 71. Nd2 b2 72. e8=Q 1-0

[Event "Challenge"]
[Site "http://www.queenalice.com/game.php?id=361917"]
[Date "2008.2.27"]
[Round "-"]
[White "stoyan1"]
[Black "paulmaster"]
[Result "0-1"]
[WhiteElo "1940"]
[BlackElo "1987"]

1. e4 d6 2. Nf3 e5 3. Bc4 a6 4. d4 exd4 5. Nxd4 c5 6. Nf5 g6 7. Ng3 Bg7 8. O-O
Be6 9. Bd5 Qc7 10. c4 Ne7 11. Qb3 Nbc6 12. Nc3 O-O 13. Be3 Rab8 14. Qd1 Ne5 15.
Qe2 N7c6 16. f4 Ng4 17. Bxe6 Nxe3 18. Nd5 Nxd5 19. Bxd5 Bd4+ 20. Kh1 Nb4 21. a3
Nxd5 22. exd5 Rbe8 23. Qd2 f5 24. Rae1 Qg7 25. Rxe8 Rxe8 26. b4 Bc3 27. Qd3 cxb4
28. axb4 Bxb4 29. h3 Qc3 30. Qxc3 Bxc3 31. Rb1 Re1+ 32. Rxe1 Bxe1 33. Ne2 Bd2
34. Nd4 a5 35. Nb3 Bc3 36. g3 b6 37. Nc1 Kf7 38. Kg2 Kf6 39. Kf3 g5 40. fxg5+
Kxg5 41. Na2 Be5 42. g4 Kh4 43. gxf5 Kxh3 44. Nc1 Kh4 45. Ke4 Kg5 46. Nd3 Bc3
47. Nc1 h5 48. Na2 Bb2 49. Kf3 Kxf5 50. Kg3 Ke4 0-1

[Event "Challenge"]
[Site "http://www.queenalice.com/game.php?id=404644"]
[Date "2008.5.18"]
[Round "-"]
[White "stoyan1"]
[Black "paulmaster"]
[Result "0-1"]
[WhiteElo "1833"]
[BlackElo "2012"]

1. e4 c5 2. Nf3 Nc6 3. Bc4 e6 4. d4 cxd4 5. Nxd4 a6 6. h4 Qc7 7. Nxc6 bxc6 8. g3
d5 9. exd5 cxd5 10. Bb3 Bb4+ 11. Bd2 Bd6 12. Qg4 Be5 13. Bf4 Qa5+ 14. c3 d4 15.
Ba4+ Kf8 16. Bxe5 Qxe5+ 17. Qe2 Qxe2+ 18. Kxe2 dxc3 19. Nxc3 Bb7 20. Rhd1 Nf6
21. Rd3 g6 22. f3 Kg7 23. Rad1 Rab8 24. Bc2 Rhc8 25. g4 a5 26. Kf2 Ba6 27. g5
Nd5 28. R3d2 Rxb2 29. Bd3 Rxd2+ 30. Rxd2 Bxd3 31. Nxd5 exd5 32. Rxd3 Rc2+ 33.
Ke3 Rxa2 34. Rxd5 a4 35. Rd2 Rxd2 36. Kxd2 f6 37. Kc3 fxg5 38. hxg5 Kf7 39. Kb4
Ke6 40. Kxa4 Kf5 41. Kb4 Kxg5 0-1

[Event "Challenge"]
[Site "http://www.queenalice.com/game.php?id=404645"]
[Date "2008.5.18"]
[Round "-"]
[White "paulmaster"]
[Black "stoyan1"]
[Result "1-0"]
[WhiteElo "2025"]
[BlackElo "1825"]

1. e4 Nc6 2. d4 d5 3. e5 f6 4. Nf3 Bg4 5. Bb5 a6 6. Bxc6+ bxc6 7. h3 Bxf3 8.
Qxf3 e6 9. O-O f5 10. c4 Rb8 11. c5 h5 12. Qg3 Ne7 13. Bg5 Rxb2 14. Nd2 Rb4 15.
Nf3 g6 16. Bxe7 Qxe7 17. Qxg6+ Qf7 18. Qxf7+ Kxf7 19. Rfb1 Rxb1+ 20. Rxb1 Ke7
21. Rb7 Kd7 22. Ra7 Bh6 23. Rxa6 Rb8 24. g3 Bc1 25. Ra4 Rb2 26. h4 Rc2 27. Ne1
Rd2 28. Nf3 Rd3 29. Kg2 Bb2 30. Rb4 Ba1 31. a4 Ra3 32. Rb8 Rxa4 33. Rh8 Bxd4 34.
Nxd4 Rxd4 35. Rxh5 Rc4 36. Rg5 Rg4 37. Rxg4 fxg4 38. f3 gxf3+ 39. Kxf3 Ke7 40.
h5 Kf7 41. Kf4 Kg7 42. Kg5 Kf7 43. g4 Kg7 44. Kh4 Kh6 45. g5+ Kg7 46. h6+ Kg6
47. Kg4 Kf7 48. h7 Kg7 49. g6 Kh8 50. Kh5 1-0

[Event "Old_friend_game"]
[Site "http://www.queenalice.com/game.php?id=865266"]
[Date "2010.11.29"]
[Round "-"]
[White "stoyan1"]
[Black "paulmaster"]
[Result "0-1"]
[WhiteElo "1877"]
[BlackElo "2005"]

1. e4 c5 2. Nf3 Nc6 3. c4 d6 4. a3 Nf6 5. d3 g6 6. h3 Bg7 7. Nbd2 Bd7 8. Rb1 a5
9. g4 h6 10. Nh2 g5 11. Ndf3 Rb8 12. Bd2 b5 13. cxb5 Rxb5 14. d4 Rb8 15. dxc5
dxc5 16. Bc4 Nxe4 17. Qc2 Nxd2 18. Nxd2 Nd4 19. Qc1 Bc6 20. O-O Bb5 21. Bxb5+
Rxb5 22. Re1 O-O 23. Nhf3 Qd5 24. Nxd4 Bxd4 25. Qc4 Qxc4 26. Nxc4 Rfb8 27. Rxe7
Bxb2 28. Nxb2 Rxb2 29. Rxb2 Rxb2 30. Re4 Rb3 31. Re3 a4 32. Kf1 c4 33. Ke1 Kg7
34. Kd1 Kg6 35. Kc2 h5 36. Rc3 h4 37. Rxc4 Rxa3 38. f4 f6 39. fxg5 Kxg5 40. Rc5+
Kg6 41. Rc3 Rxc3+ 42. Kxc3 Kg5 43. Kb4 Kf4 0-1

[Event "Challenge1"]
[Site "http://www.queenalice.com/game.php?id=867926"]
[Date "2010.12.5"]
[Round "-"]
[White "paulmaster"]
[Black "BobGomes"]
[Result "1-0"]
[WhiteElo "2016"]
[BlackElo "2037"]

1. d4 d5 2. c4 c6 3. Nc3 dxc4 4. a4 Bd7 5. Nf3 b5 6. axb5 cxb5 7. Bf4 e6 8. e4
a6 9. d5 Bc5 10. dxe6 fxe6 11. Ne5 Ra7 12. Qh5+ g6 13. Nxg6 Nf6 14. Qxc5 Nc6 15.
Nxh8 1-0

[Event "Challenge2"]
[Site "http://www.queenalice.com/game.php?id=867927"]
[Date "2010.12.5"]
[Round "-"]
[White "BobGomes"]
[Black "paulmaster"]
[Result "0-1"]
[WhiteElo "2095"]
[BlackElo "2057"]

1. e4 c5 2. f4 e6 3. Nf3 Nc6 4. d4 cxd4 5. Nxd4 Bc5 6. c3 Nf6 7. Qd3 d5 8. Nxc6
bxc6 9. exd5 exd5 10. Be2 Bg4 11. Rf1 O-O 12. Nd2 Bxe2 13. Kxe2 Re8+ 14. Kd1 Ng4
15. Nb3 Be3 16. Bd2 Nf2+ 17. Rxf2 Bxf2 18. Kc2 c5 19. c4 dxc4 20. Qxc4 Qf6 21.
Rd1 Qg6+ 22. Kc1 Qxg2 23. Kb1 Qe4+ 24. Qxe4 Rxe4 25. Bc1 Rae8 26. Bd2 c4 27. Na5
Be1 28. Nxc4 Bxd2 29. Nxd2 Re1 30. Rxe1 Rxe1+ 31. Kc2 Re2 32. Kd3 Rxh2 33. b4
Rh3+ 34. Kd4 Ra3 35. b5 Rxa2 36. Nc4 h5 37. Kd5 h4 38. Ne3 h3 0-1

[Event "Challenge"]
[Site "http://www.queenalice.com/game.php?id=868498"]
[Date "2010.12.6"]
[Round "-"]
[White "champgg"]
[Black "paulmaster"]
[Result "1-0"]
[WhiteElo "1638"]
[BlackElo "2003"]

1. e4 c5 2. Qh5 e6 3. d3 Nf6 4. Qe2 Nc6 5. c3 g6 6. h3 Bg7 7. Nf3 d6 8. a3 a5 9.
Bg5 h6 10. Bxf6 Bxf6 11. Nbd2 O-O 12. Qe3 Bg7 13. Be2 b5 14. O-O Ba6 15. Rab1
Qf6 16. Nh2 Ne5 17. f4 Nc6 18. e5 Qe7 19. exd6 Qxd6 20. Ne4 Qc7 21. Nxc5 b4 22.
Nxa6 Rxa6 23. d4 Rb6 24. axb4 axb4 25. f5 exf5 26. Nf3 Rfb8 27. c4 b3 28. Rbd1
Rb4 29. Kh1 Qg3 30. d5 Ne5 31. d6 Nxc4 32. Bxc4 Rxc4 33. d7 Rc2 34. d8=Q+ Rxd8
35. Rxd8+ Kh7 36. Rg1 Be5 37. Qxe5 Qxe5 38. Nxe5 Rxb2 39. Rgd1 Rc2 40. R1d7 Rc1+
41. Kh2 1-0

[Event "Challenge"]
[Site "http://www.queenalice.com/game.php?id=871879"]
[Date "2010.12.14"]
[Round "-"]
[White "filomenos"]
[Black "paulmaster"]
[Result "1-0"]
[WhiteElo "1949"]
[BlackElo "2037"]

1. d4 Nf6 2. g3 e6 3. Bg2 d5 4. Nf3 c5 5. Bg5 Nbd7 6. c3 h6 7. Bxf6 Nxf6 8. dxc5
Bxc5 9. O-O Bd7 10. Nbd2 O-O 11. Nb3 Bb6 12. Nfd2 Qc7 13. e4 Bc6 14. exd5 Bxd5
15. Bxd5 exd5 16. Nf3 Rad8 17. Nfd4 Qd7 18. Qf3 Ne4 19. Rad1 Ng5 20. Qd3 Qg4 21.
h4 Nh3+ 22. Kh2 g5 23. Nf5 Kh8 24. Nxh6 gxh4 25. Nxg4 f5 26. Ne3 f4 27. Kxh3
fxe3 28. fxe3 hxg3 29. Rxf8+ Rxf8 30. Kxg3 Bc7+ 31. Kg2 Rg8+ 32. Kf2 1-0

[Event "Challenge"]
[Site "http://www.queenalice.com/game.php?id=871882"]
[Date "2010.12.14"]
[Round "-"]
[White "paulmaster"]
[Black "filomenos"]
[Result "1-0"]
[WhiteElo "2019"]
[BlackElo "1969"]

1. c4 g6 2. Nc3 Bg7 3. d4 Nf6 4. e4 d6 5. f4 e6 6. Nf3 O-O 7. Be2 Nc6 8. e5 Nd7
9. d5 exd5 10. cxd5 Ne7 11. e6 fxe6 12. dxe6 Nc5 13. Bc4 Bxe6 14. Bxe6+ Nxe6 15.
Qb3 Qc8 16. Ng5 Rf6 17. Nce4 d5 18. Nxf6+ Bxf6 19. Qh3 Nxg5 20. Qxc8+ Rxc8 21.
fxg5 Bg7 22. O-O c6 23. Bf4 b6 24. Rae1 Nf5 25. Be5 c5 26. Bf6 d4 27. Rf4 Rf8
28. Re6 Bxf6 29. gxf6 Kf7 30. Rfe4 Ne3 31. Rc6 Rd8 32. Re7+ Kf8 33. Rcc7 Ng4 34.
h3 Nxf6 35. Rf7+ Kg8 36. Rxf6 d3 37. Rf1 Rd5 38. Rxa7 c4 39. a4 b5 40. axb5 Rxb5
41. Rc7 Rb4 42. Ra1 Rb8 43. Rxc4 d2 44. Rd4 Rxb2 45. Rd1 1-0

[Event "Challenge"]
[Site "http://www.queenalice.com/game.php?id=874455"]
[Date "2010.12.20"]
[Round "-"]
[White "elidionisio10"]
[Black "paulmaster"]
[Result "0-1"]
[WhiteElo "1942"]
[BlackElo "2033"]

1. d4 e6 2. c4 Bb4+ 3. Bd2 c5 4. Nf3 Nf6 5. a3 Bxd2+ 6. Qxd2 cxd4 7. Nxd4 O-O 8.
e4 Nxe4 9. Qd3 d5 10. cxd5 exd5 11. Nd2 Nc6 12. N4f3 Bf5 13. Qe3 d4 14. Qf4 Bg6
15. Bd3 Nxd2 16. Nxd2 Bxd3 17. Qf3 Re8+ 18. Kd1 Be2+ 19. Qxe2 Rxe2 20. Kxe2 d3+
21. Kd1 Qb6 22. Kc1 Qc5+ 23. Kb1 Qc2+ 24. Ka2 Qxd2 25. Rhd1 Qe2 26. Rf1 d2 27.
Rad1 Na5 28. h3 Rc8 29. g4 Qc4+ 30. Kb1 Qc2+ 31. Ka1 Nb3+ 32. Ka2 Nc1+ 33. Ka1
Qb3 34. Kb1 Qa2# 0-1

[Event "Challenge"]
[Site "http://www.queenalice.com/game.php?id=874471"]
[Date "2010.12.21"]
[Round "-"]
[White "paulmaster"]
[Black "elidionisio10"]
[Result "1-0"]
[WhiteElo "2045"]
[BlackElo "1948"]

1. f4 Nc6 2. e3 d6 3. b3 e5 4. fxe5 dxe5 5. Nc3 Nf6 6. Bb2 Bd6 7. Qe2 O-O 8. Nf3
Bg4 9. Qf2 Re8 10. Be2 e4 11. Ng5 h6 12. Bxg4 hxg5 13. Be2 Nh7 14. O-O-O Be5 15.
h4 Bf6 16. hxg5 Bxg5 17. Rdf1 Qf6 18. Qg3 Qg6 19. Bh5 Bf4 20. Qh3 Ng5 21. Qh4
Qf5 22. Rxf4 Qh7 23. Qxg5 g6 24. Rfh4 Ne5 25. Nxe4 Qg7 26. Nf6+ Kf8 27. Nxe8
Kxe8 28. Bxe5 Qf8 29. Bg4 Qa3+ 30. Kb1 Qe7 31. Rh8+ Qf8 32. Rxf8+ Kxf8 33. Rh8#
1-0